Even Flow-Pearl Jam Lyric Quiz - Statistics

General Stats
  • This quiz has been taken 143 times
  • The average score is 119 of 232
Answer Stats
Hint Answer % Correct
a
92%
Chorus Even
92%
flow
92%
he
88%
butterflies
85%
his
81%
like
78%
on
78%
concrete
77%
don't
77%
know
77%
made
77%
of
77%
oh
77%
pillow
75%
the
75%
head
74%
away
72%
Verse 1 Freezin'
69%
so
68%
though
68%
chases
67%
again
65%
yeah
65%
Interlude | Outro Yeah!
65%
I
64%
them
64%
he'll
63%
rests
62%
arrive
59%
feelin'
59%
see
59%
thoughts
59%
better
58%
maybe
57%
little
52%
days
51%
some
51%
life
49%
set
42%
that
42%
when
42%
begin
41%
read
41%
to
41%
doesn't
38%
him
38%
it
36%
paper
36%
way
35%
hand
34%
how
34%
someday
34%
insane
33%
lookin'
33%
through
33%
can't
32%
familiar
32%
help
32%
looks
32%
happy
30%
he's
29%
something
29%
faces
28%
Verse 2 Kneelin'
28%
now
27%
sees
27%
time
27%
whisperin'
27%
yet
27%
and
26%
has
23%
ain't
22%
anything
22%
it's
22%
legal
21%
never
21%
out
21%
halls
20%
shame
20%
dark
19%
weather
19%
grin
18%
hands
18%
showed
18%
all
17%
lead
17%
prayin'
17%
winter's
17%
far
16%
understands
16%
up
16%
between
15%
few
15%
fuck
14%
gently
14%
hey
14%
Hey
14%
you
14%
come
11%
ceilings
7%
God
5%
mama
5%
man
5%
mommy
5%
change
4%
got
4%
just
4%
well
4%
dollar?
3%
spare
3%
bless
2%
No matching quizzes found
Score Distribution
Percent of People with Each Score
Percentile by Number Answered
Your Score History
You have not taken this quiz